Echelle de mots : du Nord au Sud - Statistiques

Statistiques générales
  • Ce quiz a été pris 77 463 fois
  • Le résultat moyen est 20 sur 35
Statistiques - réponses
Indice Réponse % Correct
Septentrion Nord
93%
Pas tôt Tard
93%
Gras de cochon Lard
87%
Affreux Laid
84%
Déforme Tord
81%
Le midi Sud
80%
Madame Sanglier Laie
71%
Certain Sûr
71%
Intérieur du pain (enlever 1 lettre) Mie
70%
Tata Tante
69%
Océan Mer
68%
Bout de crayon Mine
67%
Parfois tatin Tarte
66%
Blouson Veste
61%
Ose Tente
57%
Planisphère Carte
56%
Via Par
55%
Non dilué Pur
55%
Pot à fleurs Vase
54%
Inclinaison Pente
51%
Petit golfe Baie
49%
On le croise au combat Fer
49%
Station russe Mir
49%
Etendue (ajouter 1 lettre) Vaste
49%
Gâteau breton Far
48%
Fondement, support Base
47%
Pas encore mûre Verte
42%
Disparition Perte
41%
Dirige, conduit Mène
39%
Viande dure Carne
32%
Dernier repas (enlever 1 lettre) Cène
31%
En mer, elle est de brume Corne
25%
Entoure Cerne
24%
Elle marque la distance Borne
22%
Dupe Berne
21%
Aucun quiz correspondant
Distribution des résultats
% des personnes avec chaque résultat
Percentile par nombre de réponses
Votre historique - résultats
Vous n’avez pas pris ce quiz